Návrh podnikovej inovácie založenej na princípoch cirkulárnej ekonomiky diplomová práca

Salvato in:
Dettagli Bibliografici
Autore principale: Juhanyak, Milan
Ente Autore: Fakulta podnikového manažmentu EU. Katedra manažmentu
Altri autori: Novysedlák, Martin, 1991-
Natura: Libro
Lingua:slovacco
Pubblicazione: Bratislava 2025
Tags: Aggiungi Tag
Nessun Tag, puoi essere il primo ad aggiungerne!!

MARC

LEADER 00000nbm a2200000 4500
001 0309996
005 20251217135341.7
041 0 |a slo 
044 |a SK 
245 1 0 |a Návrh podnikovej inovácie založenej na princípoch cirkulárnej ekonomiky  |b diplomová práca  |c Milan Juhanyak ; školiteľ: Martin Novysedlák 
264 1 |a Bratislava  |c 2025 
300 |a 69 s. 
100 1 |a Juhanyak, Milan 
700 1 |a Novysedlák, Martin, 1991- 
710 2 |a Fakulta podnikového manažmentu EU. Katedra manažmentu